000 01220cam a22003011 4500
001 hew67000106
003 DLC
005 20260227111516.0
008 731119s1967 dcua ab f000 0 eng c
010 _ahew67000106
035 _a(OCoLC)744134
040 _aU.S. Dept. of Health, Education, and Welfare. Library
_cOClU
_dOCoLC
_dInU-D
_dOCoLC
_dISS
_dDLC
042 _apremarc
050 0 0 _aL112
_b.R35
082 _a371.33/5
086 0 _aFS 5.234:34041
100 1 _aReid, J. Christopher.
245 1 0 _aResearch in instructional television and film;
_bsummaries of studies,
_cby J. Christopher Reid and Donald W. MacLennan. Introduction by Leslie P. Greenhill.
260 _a[Washington]
_bU.S. Dept. of Health, Education, and Welfare, Office of Education;
_b[for sale by the Supt. of Docs., U.S., Govt. Print. Off.,
_c1967]
300 _avii, 216 p.
_billus.
_c26 cm.
500 _a"OE-34041."
504 _aBibliographical footnotes.
650 0 _aTelevision in education
_xAbstracts.
650 0 _aMotion pictures in education
_zUnited States
_xAbstracts.
700 1 _aMacLennan, Donald W.,
_ejoint author.
710 1 _aUnited States.
_bOffice of Education.
740 0 _aInstructional television and film.
999 _c34707
_d34707